00811nam a2200205 a 450000100060000000300080000600500170001400800410003103500190007204000320009104100080012308200260013110000530015724501190021026001510032930000340048050400540051465100100056865100270057872382BD-RjUL20211209082244.0170517r19651942enkabf b 001 0 eng  a(BD-RjUL)72599 aDLCcDLCdDLCdBD-RjULbeng aeng00223a916.696bNAB 19651 aNadel, S. F.q(Siegfried Frederick),d1903-1956.12aA black Byzantium :bthe kingdom of Nupe in Nigeria /cby S. F. Nadel ; with a foreword by Right Hon. Lord Lugard. aLondon ;aNew York :bPub. for the International Institute of African languages & cultures by the Oxford university press,c1942 [reprinted 1965]. axiv, 420 p. ;bill. ;c23 cm. aBibliographical foot-notes. Bibliography: p. 404. 0aNupe. 0aNigeriaxCivilization.